A SZTE Mérnöki Kar Folyamatmérnöki Intézetében folyó mikrohullámú szennyvíziszap-kezelés eredményei

Elmentve itt :
Bibliográfiai részletek
Szerzők: Beszédes Sándor
Keszthelyi-Szabó Gábor
Dokumentumtípus: Cikk
Megjelent: 2013
Sorozat:Review of Faculty of Engineering, Analecta Technica Szegedinensia
mtmt:2380721
Online Access:http://publicatio.bibl.u-szeged.hu/3290
LEADER 00899nab a2200193 i 4500
001 publ3290
005 20180731144100.0
008 130828s2013 hu o 0|| zxx d
022 |a 1788-6392 
024 7 |a 2380721  |2 mtmt 
040 |a SZTE Publicatio Repozitórium  |b hun 
041 |a zxx 
100 1 |a Beszédes Sándor 
245 1 2 |a A SZTE Mérnöki Kar Folyamatmérnöki Intézetében folyó mikrohullámú szennyvíziszap-kezelés eredményei  |h [elektronikus dokumentum] /  |c  Beszédes Sándor 
260 |c 2013 
300 |a 33-47 
490 0 |a Review of Faculty of Engineering, Analecta Technica Szegedinensia 
700 0 2 |a Keszthelyi-Szabó Gábor  |e aut 
856 4 0 |u http://publicatio.bibl.u-szeged.hu/3290/1/A%20SZTE%20M%C3%A9rn%C3%B6ki%20Kar%20Folyamatm%C3%A9rn%C3%B6ki%20Int%C3%A9zet%C3%A9ben%20foly%C3%B3%20mikrohull%C3%A1m%C3%BA%20szennyv%C3%ADziszapkezel%C3%A9s%20eredm%C3%A9nyei.pdf  |z Dokumentum-elérés